000 00650nam a2200181 a 4500
005 20260410164330.0
008 140123b2003 ck ||||| |||| 00| 0 spa d
040 _aCO-BoIAVH
_cCO-BoIAVH
041 _aspa
044 _ack
090 _aIAVH
_b00366
100 _aCorrea E., Fraddy
_94904
245 _aEstimación e identificación taxonómica de la oferta pesquera en la Alta Guajira, para seleccionar especies potencialmente explotables y algunas recomendaciones que apunten a su sostenibilidad
260 _aRíohacha
_bFAO
_bInstituto Alexander von Humboldt
_c2003
300 _a22 p.
_c28 cm.
942 _cINFORME
_2z
_01
945 _d2005-07-06
999 _c4637
_d4637